McBainn cenník nových automobilov. Leto '96 číslo 2

Bibliographic Details
Corporate Author: McBainn (Bratislava, Slovensko) (Author)
Format: Book
Language:Slovak
PhysicalDescription:316 s. fotogr., mp., tab. 19 cm
Published: Bratislava McBainn 1996
Subjects:

MARC

LEADER 00000nam a2200000 a 4500
001 vtls001220429
003 SK-MaSNL
005 20260301063821.0
008 160414s1996 xo a y 0 slo
015 |a SNBF1997/02-00698 
020 |c 112,00 Sk 
035 |a SNK000165178 
040 |a SNK  |b slo  |c SNK  |e AACR2 
041 0 |a slo 
044 |a xo  |c SK 
080 |a 629.114.6(085.6)"322""1996"  |2 1981 
245 1 |a McBainn cenník nových automobilov. Leto '96  |n číslo 2 
260 |a Bratislava  |b McBainn  |c 1996 
300 |a 316 s.  |b fotogr., mp., tab.  |c 19 cm 
650 0 7 |a automobily osobné  |x cenníky  |y leto 1996  |x príručky  |2 SNK  |9 380183 
710 2 |a McBainn (Bratislava, Slovensko)  |4 aut  |9 33557 
958 |a FCE 
958 |a TL 
999 |c 625016  |d 626946 
952 |t P60, <03>, [BOOK], {603}  |a SNK  |b SNK  |y PREZ  |7 0  |p 17A0010242  |o snkOSD 7702/1996/2  |i snkKSP 7523/96  |0 0  |1 0  |4 0  |d 1996-09-18  |l 0  |r 2005-01-01 00:00:00  |w 2026-02-23 
952 |t P60, <04>, [BOOK], {604}  |a SNK  |b SNK  |y VYP  |7 0  |p 17A0010241  |o snkOSD 7702/1996/2 D1  |i snkKSP 7524/96  |0 0  |1 0  |4 0  |d 1996-09-18  |l 0  |r 2005-01-01 00:00:00  |w 2026-02-23